[Event "Women's Speed Chess Q3"]
[Site "chess.com INT"]
[Date "2021.05.30"]
[Round "17"]
[White "Zawadzka, Jolanta"]
[Black "Linares Napoles, Oleiny"]
[Result "0-1"]
[WhiteTitle "WGM"]
[BlackTitle "WGM"]
[WhiteElo "2399"]
[BlackElo "2255"]
[WhiteFideId "1122320"]
[BlackFideId "3504794"]
[EventDate "2021.05.30"]

1. e4 d6 2. Nf3 g6 3. d4 Bg7 4. Be3 Nf6 5. Bd3 O-O 6. O-O Ng4 7. c3 Nxe3 8. fxe3
e5 9. h3 Nc6 10. Nbd2 Bd7 11. b4 a6 12. a4 Qe7 13. a5 Rad8 14. Qb3 Kh8 15. Bc4
Bh6 16. Rae1 Kg7 17. Bd5 Bc8 18. Kh1 Qe8 19. Nh2 f5 20. exf5 gxf5 21. Ndf3 e4
22. Nh4 Qh5 23. g3 Bg5 24. Qc2 Bxh4 25. gxh4 Qxh4 26. Rg1+ Kh8 27. Qg2 Qh6 28.
Ref1 Ne7 29. Ba2 d5 30. Qg3 c6 31. Qc7 Ng6 32. b5 Qxh3 33. bxc6 bxc6 34. Rg3 Qh4
35. Rfg1 Bd7 36. Qb6 Rb8 37. Qxa6 Rb2 38. R3g2 Rxg2 39. Rxg2 f4 40. exf4 Rxf4
41. Qe2 Kg7 42. a6 Bc8 43. a7 Bb7 44. Bb1 Kf8 45. Bc2 Rf6 46. Bd1 Nf4 47. Qb2
Nxg2 48. Qb3 Qe1+ 49. Kxg2 Rf2+ 50. Kg3 Rb2+ 51. Kh3 Rxb3 52. Bxb3 Qxc3+ 53. Kg4
Qxb3 54. Kf5 Qa3 55. Ng4 0-1

[Event "Women's Speed Chess Q3"]
[Site "chess.com INT"]
[Date "2021.05.30"]
[Round "17"]
[White "Novikova, Anna"]
[Black "Rakshitta, Ravi"]
[Result "0-1"]
[WhiteTitle "WIM"]
[BlackTitle "WIM"]
[WhiteElo "2247"]
[BlackElo "2190"]
[WhiteFideId "4146794"]
[BlackFideId "25073230"]
[EventDate "2021.05.30"]

1. e4 e5 2. Nf3 Nc6 3. Bc4 Bc5 4. d3 Nf6 5. Bb3 O-O 6. O-O h6 7. h3 d6 8. c3 Kh8
9. Re1 Qe7 10. d4 Bb6 11. Ba4 Bd7 12. d5 Nb8 13. Bxd7 Nbxd7 14. c4 Nc5 15. Nc3
a5 16. a3 a4 17. Qc2 Nh5 18. Be3 Nf4 19. Bxf4 exf4 20. e5 dxe5 21. Nxe5 Qf6 22.
Ng4 Qg5 23. Re5 f5 24. Rae1 h5 25. Nh2 Nd7 26. Nf3 Qf6 27. Re6 Qf7 28. Ng5 Qg8
29. Qe2 g6 30. Re7 Nf6 31. Kf1 Rae8 32. Rxe8 Rxe8 33. Qd1 h4 34. Ne6 Qf7 35.
Qxa4 Nd7 36. Qd1 Nc5 37. b4 Ne4 38. Nxe4 fxe4 39. c5 Ba7 40. Rxe4 Qf5 41. Qf3 g5
42. Kg1 Qxd5 0-1

[Event "Women's Speed Chess Q3"]
[Site "chess.com INT"]
[Date "2021.05.30"]
[Round "17"]
[White "Pandey, Srishti"]
[Black "Komiagina, Maria"]
[Result "1-0"]
[WhiteTitle "WFM"]
[BlackTitle "WIM"]
[WhiteElo "2026"]
[BlackElo "2241"]
[WhiteFideId "35093290"]
[BlackFideId "4153987"]
[EventDate "2021.05.30"]

1. d4 g6 2. e4 Bg7 3. Nc3 d6 4. Nf3 a6 5. a4 b6 6. Be2 Bb7 7. O-O Nd7 8. Be3
Ngf6 9. e5 Ng4 10. e6 fxe6 11. Ng5 Nxe3 12. fxe3 Nf8 13. Bg4 Bf6 14. Nxe6 Nxe6
15. Bxe6 Bc8 16. Bd5 Bd7 17. Bxa8 Qxa8 18. e4 O-O 19. Qd3 e6 20. e5 Bg7 21. exd6
cxd6 22. Rxf8+ Bxf8 23. Ne4 Be7 24. b3 Bc6 25. Re1 b5 26. axb5 axb5 27. Qe3 Bd5
28. Ng3 Qf8 29. Rf1 Qg7 30. Qd2 h6 31. Re1 Bg5 32. Qd1 Bf6 33. Qd3 Bxd4+ 34. Kh1
Be5 35. c4 bxc4 36. bxc4 Bc6 37. Ne4 Qe7 38. Rd1 d5 39. cxd5 Bxd5 40. Nc3 Qg5
41. Nxd5 exd5 42. Qxd5+ Kg7 43. g3 h5 44. Qb7+ Kh6 45. Qf3 Bf6 46. Rf1 Bg7 47.
Kg2 Qd2+ 48. Qf2 Qd5+ 49. Qf3 Qd2+ 50. Rf2 1-0

[Event "Women's Speed Chess Q3"]
[Site "chess.com INT"]
[Date "2021.05.30"]
[Round "17"]
[White "Paehtz, Elisabeth"]
[Black "Marjanovic, Annamaria"]
[Result "1-0"]
[WhiteTitle "IM"]
[BlackTitle "WGM"]
[WhiteElo "2456"]
[BlackElo "2338"]
[WhiteFideId "4641833"]
[BlackFideId "750930"]
[EventDate "2021.05.30"]

1. d4 Nf6 2. Nf3 g6 3. Bg5 Bg7 4. c3 O-O 5. Nbd2 d5 6. e3 h6 7. Bh4 c5 8. Be2
Nc6 9. O-O Bf5 10. Qb3 Na5 11. Qa3 c4 12. b3 cxb3 13. axb3 Nc6 14. c4 e6 15. Ne5
g5 16. Bg3 Nxe5 17. Bxe5 Nd7 18. Bxg7 Kxg7 19. c5 Nf6 20. b4 a6 21. Qa5 Qd7 22.
Qb6 Rfc8 23. b5 axb5 24. Bxb5 Qe7 25. Nb3 Ne4 26. f3 Nc3 27. Na5 Nxb5 28. Qxb5
Rab8 29. Nb3 Qc7 30. Ra7 Qc6 31. Qb4 b6 32. Ra6 Bd3 33. Rxb6 Rxb6 34. Qxb6 Bxf1
35. Qxc6 Rxc6 36. Kxf1 Rc8 37. Nc1 Kf8 38. Nd3 Ke7 39. Kf2 f6 40. h3 Kd7 41. Kg3
Ra8 42. h4 Ra3 43. Nf2 Rxe3 44. hxg5 fxg5 45. Ng4 Rd3 46. Ne5+ Kc7 47. Nxd3 Kc6
48. Kg4 Kb5 49. Kh5 Kc6 50. Kxh6 Kc7 51. Kxg5 Kc6 1-0

[Event "Women's Speed Chess Q3"]
[Site "chess.com INT"]
[Date "2021.05.30"]
[Round "17"]
[White "Tokhirjonova, Gulrukhbegim"]
[Black "Zuriel, Marisa"]
[Result "1-0"]
[WhiteTitle "WGM"]
[BlackTitle "WIM"]
[WhiteElo "2350"]
[BlackElo "2203"]
[WhiteFideId "14203626"]
[BlackFideId "109142"]
[EventDate "2021.05.30"]

1. e4 c5 2. Nf3 d6 3. d4 cxd4 4. Nxd4 Nf6 5. Nc3 a6 6. Be2 e6 7. Be3 Be7 8. g4
Qc7 9. g5 Nfd7 10. h4 b5 11. a3 Bb7 12. Qd2 Nc6 13. Nxc6 Bxc6 14. f4 Qb7 15.
O-O-O a5 16. f5 b4 17. fxe6 fxe6 18. Nd5 bxa3 19. bxa3 Rb8 20. Qxa5 exd5 21.
exd5 Bb5 22. Bh5+ g6 23. Bg4 Ne5 24. Bd4 Bd7 25. Bxd7+ Qxd7 26. Rhe1 O-O 27.
Bxe5 dxe5 28. d6 Bd8 29. Qd5+ Qf7 30. Qxe5 Qa2 31. Qd5+ Qxd5 32. Rxd5 Rf3 33. a4
Ra3 34. Re8+ Kf7 35. d7 Rxa4 36. Rd3 Ra1+ 37. Kd2 Ba5+ 38. Ke2 Rxe8+ 39. dxe8=Q+
Kxe8 40. Rb3 Bc7 41. Rb7 Kd7 42. Rb5 Ra4 43. Rd5+ Bd6 44. Kd3 Rxh4 45. c4 Rh3+
46. Ke4 Rh4+ 47. Kd3 Rg4 48. c5 Ke6 49. Rxd6+ Ke7 50. Rd5 Ke6 51. Rd6+ Ke7 52.
Ra6 1-0

[Event "Women's Speed Chess Q3"]
[Site "chess.com INT"]
[Date "2021.05.30"]
[Round "17"]
[White "Perez Rodriguez, Jennifer"]
[Black "Batsiashvili, Nino"]
[Result "0-1"]
[WhiteTitle "WIM"]
[BlackTitle "GM"]
[WhiteElo "2251"]
[BlackElo "2491"]
[WhiteFideId "3507831"]
[BlackFideId "13602993"]
[EventDate "2021.05.30"]

1. e4 c6 2. d4 d5 3. exd5 cxd5 4. c4 Nc6 5. Nc3 Nf6 6. Nf3 Be6 7. Ng5 Bg4 8. f3
Bf5 9. cxd5 Nxd5 10. Qb3 e6 11. Qxb7 Nde7 12. Bb5 Rc8 13. O-O h6 14. Nge4 Qd7
15. Qa6 Ng6 16. Re1 Be7 17. d5 exd5 18. Ng3 Be6 19. Qa4 O-O 20. Bd2 Qc7 21. Rac1
Qb6+ 22. Kh1 d4 23. Nce4 Nce5 24. Ba5 Qb8 25. Ba6 Rxc1 26. Rxc1 Qxb2 27. Re1 Nf4
28. Rg1 Ned3 29. Bxd3 Nxd3 30. Bd2 f5 31. Qa6 Bc8 32. Qc4+ Kh8 33. Qxd3 fxe4 34.
Nxe4 Bf5 35. Re1 Bxe4 36. Rxe4 Bf6 37. Re1 Qxa2 38. Kg1 Qd5 39. Kh1 a5 40. Rd1
a4 41. Bc3 Qb3 42. Bxd4 Qxd3 43. Rxd3 Rd8 44. g3 Rxd4 45. Ra3 Rb4 46. Kg2 Bb2
47. Ra2 a3 48. f4 Rc4 49. Kf3 Rc1 50. Ke3 Ra1 51. Rxb2 axb2 52. Ke4 b1=Q+ 0-1

[Event "Women's Speed Chess Q3"]
[Site "chess.com INT"]
[Date "2021.05.30"]
[Round "17"]
[White "Samaganova, Alexandra"]
[Black "Sliwicka, Alicja"]
[Result "0-1"]
[WhiteTitle "WFM"]
[BlackTitle "WIM"]
[WhiteElo "1993"]
[BlackElo "2346"]
[WhiteFideId "13800221"]
[BlackFideId "1150677"]
[EventDate "2021.05.30"]

1. c4 c5 2. Nc3 Nc6 3. g3 g6 4. Bg2 Bg7 5. e3 e5 6. Nge2 Nge7 7. O-O O-O 8. a3
d6 9. Rb1 a5 10. Nd5 Nxd5 11. cxd5 Ne7 12. d4 cxd4 13. exd4 f5 14. dxe5 Bxe5 15.
Bh6 Re8 16. Nd4 Qb6 17. Nc2 Bd7 18. Re1 Ba4 19. Qd2 Rac8 20. Ne3 Qd4 21. Re2
Qxd2 22. Rxd2 Rc5 23. b4 axb4 24. axb4 Rc3 25. h4 Bb5 26. Bg5 Kf7 27. Ra2 Bd3
28. Rd1 Bd4 29. Rad2 Bxe3 30. Bxe3 Bc4 31. Rb2 Ra8 32. Bd4 Rd3 33. Rxd3 Bxd3 34.
Bb6 Bc4 35. Bc7 Nxd5 36. Bxd5+ Bxd5 37. Kf1 Ke6 38. Re2+ Kd7 39. Bb6 Bc4 40. Ke1
Ra1+ 41. Kd2 Ra2+ 42. Kc3 Bxe2 43. b5 Bxb5 44. Kb3 Re2 45. Bd4 Kc6 46. Bf6 Re4
47. f4 Bc4+ 48. Kb4 d5 49. Kc3 Be2 50. Be5 Bg4 51. Kd2 b5 52. Kc1 Kc5 53. h5 Kc4
54. hxg6 hxg6 55. Bf6 d4 56. Bg7 d3 57. Kb2 b4 58. Bc3 Re2+ 59. Ka1 bxc3 60. Kb1
c2+ 61. Kb2 Re1 62. Ka2 Ra1+ 63. Kb2 c1=Q# 0-1

[Event "Women's Speed Chess Q3"]
[Site "chess.com INT"]
[Date "2021.05.30"]
[Round "17"]
[White "Golubenko, Valentina"]
[Black "Chu, Ruotong"]
[Result "1-0"]
[WhiteTitle "WGM"]
[BlackTitle "WIM"]
[WhiteElo "2209"]
[BlackElo "2207"]
[WhiteFideId "4501993"]
[BlackFideId "8605653"]
[EventDate "2021.05.30"]

1. d4 d5 2. g3 Nf6 3. Bg2 g6 4. c4 dxc4 5. Nc3 Bg7 6. Nf3 O-O 7. O-O c6 8. Ne5
Ng4 9. Nxg4 Bxg4 10. Be3 Nd7 11. Qc1 Rc8 12. h3 Be6 13. Rd1 b5 14. d5 cxd5 15.
Nxd5 Re8 16. Bxa7 Qa5 17. Bd4 Bxd4 18. Rxd4 Nb6 19. Nf4 Bf5 20. Qe3 e5 21. Rd6
exf4 22. Qxb6 Qxb6 23. Rxb6 Rxe2 24. Rxb5 fxg3 25. fxg3 Rd8 26. Bf3 Rdd2 27.
Bxe2 Rxe2 28. Rf1 Bxh3 29. Rf2 Re1+ 30. Kh2 Be6 31. Kg2 Rd1 32. Kf3 Rd3+ 33. Ke2
Rxg3 34. Rf4 Rg2+ 35. Ke3 Rg3+ 36. Kf2 Rd3 37. Re4 c3 38. bxc3 Rd2+ 39. Ke3 Rxa2
40. c4 Rc2 41. Kd4 h5 42. c5 Rc4+ 43. Ke3 Rc3+ 44. Kf4 h4 45. Ke5 h3 46. Rh4 Kg7
47. Kd6 g5 48. Rh5 Rd3+ 49. Ke7 g4 50. c6 Rc3 51. Rbg5# 1-0

[Event "Women's Speed Chess Q3"]
[Site "chess.com INT"]
[Date "2021.05.30"]
[Round "17"]
[White "Dworakowska, Joanna"]
[Black "Antonova, Nadezhda"]
[Result "1-0"]
[WhiteTitle "IM"]
[BlackTitle "WFM"]
[WhiteElo "2322"]
[BlackElo "1877"]
[WhiteFideId "1107445"]
[BlackFideId "14700182"]
[EventDate "2021.05.30"]

1. e4 d6 2. d4 Nf6 3. Nc3 e5 4. Nge2 Nbd7 5. g3 c6 6. Bg2 b5 7. O-O Bb7 8. a3 a5
9. Bg5 Be7 10. Qd2 b4 11. axb4 axb4 12. Rxa8 Qxa8 13. Nd1 c5 14. d5 O-O 15. h4
h6 16. Be3 Ng4 17. Bh3 Nxe3 18. Nxe3 Nf6 19. f3 g6 20. Kf2 Bc8 21. Bxc8 Rxc8 22.
Nc4 Qa6 23. b3 Kg7 24. Rb1 Qa2 25. Qc1 Ra8 26. Ng1 Qa6 27. Kg2 Qb5 28. Ra1 Qe8
29. Nh3 Nh5 30. Nf2 Nf6 31. Qb1 Qc8 32. Ra2 Rxa2 33. Qxa2 g5 34. hxg5 hxg5 35.
Qa7 Qd8 36. g4 Nh7 37. Nh1 Nf8 38. Ng3 Ng6 39. Nf5+ Kf6 40. Kg3 Bf8 41. Qb7 Nf4
42. Qc6 Ne2+ 43. Kf2 Nd4 44. Nxd4 exd4 45. e5+ Kg7 46. exd6 Qf6 47. d7 Qxc6 48.
dxc6 1-0

[Event "Women's Speed Chess Q3"]
[Site "chess.com INT"]
[Date "2021.05.30"]
[Round "17"]
[White "Vantika, Agrawal"]
[Black "Kiolbasa, Oliwia"]
[Result "0-1"]
[WhiteTitle "WIM"]
[BlackTitle "WIM"]
[WhiteElo "2286"]
[BlackElo "2255"]
[WhiteFideId "25050389"]
[BlackFideId "1154613"]
[EventDate "2021.05.30"]

1. d4 Nf6 2. c4 b6 3. Nf3 Bb7 4. g3 e6 5. Bg2 c5 6. d5 exd5 7. Nh4 d6 8. cxd5 g6
9. Nc3 Bg7 10. O-O O-O 11. a4 Nbd7 12. Nf3 a6 13. h3 Re8 14. Bf4 Qe7 15. Re1 Nh5
16. Bg5 f6 17. Bd2 f5 18. Ng5 Bd4 19. Ne6 Nxg3 20. e3 Bxc3 21. Bxc3 Ne4 22. Nc7
Ne5 23. Nxa8 Rxa8 24. f3 Ng3 25. f4 Nf7 26. b4 Ne4 27. Qb3 Re8 28. bxc5 Nxc3 29.
Qxc3 bxc5 30. Rab1 Bc8 31. e4 fxe4 32. Rxe4 Qd8 33. Rxe8+ Qxe8 34. Re1 Qd8 35.
a5 Bd7 36. Rb1 Bb5 37. Re1 Nh6 38. Be4 Nf5 39. Bxf5 gxf5 40. Kh2 Kf7 41. Re6 Qh4
42. Qe3 c4 43. Rxd6 c3 44. Re6 c2 45. Qf3 c1=Q 46. Re2 Qc3 47. Qxc3 Bxe2 48.
Qc7+ Kg6 49. Qd6+ Kh5 50. Qg6+ Kxg6 51. Kg2 Qxf4 52. Kh1 Qf3+ 53. Kg1 Bf1 54.
Kh2 Qg2# 0-1

[Event "Women's Speed Chess Q3"]
[Site "chess.com INT"]
[Date "2021.05.30"]
[Round "17"]
[White "Dordzhieva, Dinara"]
[Black "Varshini, V"]
[Result "1-0"]
[WhiteTitle "WGM"]
[BlackTitle "WGM"]
[WhiteElo "2334"]
[BlackElo "2226"]
[WhiteFideId "24157570"]
[BlackFideId "5091241"]
[EventDate "2021.05.30"]

1. Nf3 d5 2. g3 e6 3. Bg2 Nf6 4. c4 Be7 5. O-O O-O 6. d4 b6 7. cxd5 exd5 8. Nc3
Bb7 9. Ne5 Nbd7 10. Bf4 c5 11. dxc5 Nxc5 12. Rc1 Rc8 13. Qd2 d4 14. Nb5 Bxg2 15.
Kxg2 Qd5+ 16. Nf3 Nce4 17. Qd3 Bc5 18. Nbxd4 Rcd8 19. Rfd1 Ng4 20. Nb3 Qxd3 21.
Rxd3 Ngxf2 22. Rxd8 Rxd8 23. Nxc5 bxc5 24. Be3 Ng4 25. Bxc5 Rc8 26. b4 a5 27. a3
a4 28. Rb1 f5 29. h3 Ngf6 30. Bd4 Nd5 31. b5 g6 32. b6 Rb8 33. b7 Nd6 34. Be5
Rxb7 35. Rc1 Ne3+ 36. Kf2 Nec4 37. Bd4 Ne4+ 38. Kg2 Nxa3 39. Rc8+ Kf7 40. Ng5+
Nxg5 41. Ra8 Ne6 42. Be5 Nc2 43. Rxa4 Ne3+ 44. Kf2 Nd5 45. Ra8 Nf6 46. Rh8 Ne4+
47. Kg2 Ke7 48. Rxh7+ Ke8 49. Rxb7 N6c5 50. Rb8+ Kf7 51. Rb7+ Ke6 52. Bd4 Nd7
53. Ra7 1-0

[Event "Women's Speed Chess Q3"]
[Site "chess.com INT"]
[Date "2021.05.30"]
[Round "17"]
[White "Padmini, Rout"]
[Black "Bivol, Alina"]
[Result "1-0"]
[WhiteTitle "IM"]
[BlackTitle "WGM"]
[WhiteElo "2370"]
[BlackElo "2385"]
[WhiteFideId "5029295"]
[BlackFideId "4100123"]
[EventDate "2021.05.30"]

1. e4 e6 2. Nc3 d5 3. Nf3 d4 4. Ne2 c5 5. Ng3 Nc6 6. Bb5 Qb6 7. a4 Nf6 8. O-O
Bd7 9. d3 a6 10. Bxc6 Bxc6 11. Ne5 Bd6 12. f4 Bxe5 13. fxe5 Nd7 14. Qh5 g6 15.
Qh4 c4 16. dxc4 d3+ 17. Kh1 dxc2 18. b4 Qd4 19. Ba3 b5 20. axb5 axb5 21. Qf4
Nxe5 22. Ne2 Qxe4 23. Qxe4 Bxe4 24. Bb2 Rxa1 25. Rxa1 Nd3 26. Bxh8 bxc4 27. Kg1
e5 28. Bf6 Kd7 29. Bg5 Nxb4 30. Bd2 Nd3 31. Nc1 Nc5 32. Be3 Nb3 33. Ra7+ Ke6 34.
g4 Bf3 35. g5 Kd5 36. Kf2 Bg4 37. Rxf7 Ke4 38. Rxh7 Bf5 39. Rh8 Nd4 40. h4 Nf3
41. Rh6 Nh2 42. Ke2 Ng4 43. Bd2 Nxh6 44. gxh6 g5 45. hxg5 Bg6 46. Kf2 Kf5 47.
Bc3 Kxg5 48. Bd2+ Kf5 49. Ne2 Kg4 50. Bc1 Kh5 51. Nc3 Kg4 52. Nd5 Kf5 53. Ne7+
Kf6 54. Nxg6 Kxg6 55. Ke2 e4 56. Be3 c3 57. Bc1 1-0

[Event "Women's Speed Chess Q3"]
[Site "chess.com INT"]
[Date "2021.05.30"]
[Round "17"]
[White "Sviridova, Vlada"]
[Black "Golubeva, Oksana"]
[Result "1-0"]
[WhiteTitle "WFM"]
[BlackTitle "WFM"]
[WhiteElo "2144"]
[BlackElo "2179"]
[WhiteFideId "24109606"]
[BlackFideId "4170164"]
[EventDate "2021.05.30"]

1. d4 e6 2. c4 Nf6 3. Nf3 d5 4. Nc3 h6 5. Bf4 Bd6 6. Ne5 dxc4 7. e4 O-O 8. Bxc4
c5 9. dxc5 Bxc5 10. O-O Qe7 11. a3 a5 12. Qf3 Nbd7 13. Nd3 Bd4 14. Ne2 Bb6 15.
e5 Nh7 16. Qg3 Kh8 17. Nc3 Nc5 18. Nxc5 Bxc5 19. Ne4 Bd4 20. Rab1 Bd7 21. h4 Bc6
22. Nd6 Bc5 23. b4 axb4 24. axb4 Bxd6 25. exd6 Qd7 26. Qc3 f6 27. b5 Be4 28.
Rbe1 Bf5 29. f3 e5 30. Be3 Rac8 31. Qb4 Rfe8 32. Bf2 Nf8 33. Bd5 Bd3 34. Rc1
Bxf1 35. Rxf1 Rc2 36. Bb6 Rec8 37. Rf2 Qf5 38. d7 Nxd7 39. Be3 Rxf2 40. Bxf2 b6
41. Qe7 Rc1+ 42. Kh2 Rc8 43. Be6 Qf4+ 44. Bg3 Qd4 45. Bxd7 Rg8 46. Be6 Qd8 47.
Qf7 Re8 48. Bf5 Re7 49. Qg6 Qg8 50. Bf2 Rb7 51. Be3 Rc7 52. h5 e4 53. fxe4 Re7
54. Bxb6 Re5 55. Be3 Rxb5 56. Bxh6 Rxf5 57. Bxg7+ Qxg7 58. Qxf5 Qc7+ 59. g3 Qc2+
60. Kh3 Kg7 61. Qd7+ Kh6 62. Qf5 Qc3 63. Qg6# 1-0

[Event "Women's Speed Chess Q3"]
[Site "chess.com INT"]
[Date "2021.05.30"]
[Round "17"]
[White "Dauletova, Gulmira"]
[Black "Soumya, Swaminathan"]
[Result "1/2-1/2"]
[WhiteTitle "WGM"]
[BlackTitle "IM"]
[WhiteElo "2285"]
[BlackElo "2351"]
[WhiteFideId "13702971"]
[BlackFideId "5016193"]
[EventDate "2021.05.30"]

1. e4 c5 2. Nf3 Nc6 3. d4 cxd4 4. Nxd4 Nf6 5. Nc3 d6 6. f3 e5 7. Nb3 Be7 8. Be3
O-O 9. Qd2 a5 10. Bb5 Na7 11. Be2 Bd7 12. O-O a4 13. Nc1 b5 14. a3 Qc7 15. N1a2
Qb7 16. Nb4 Be6 17. Rfd1 Rac8 18. Nbd5 Nxd5 19. Nxd5 Bxd5 20. exd5 f5 21. c3 f4
22. Bf2 Rb8 23. Bd3 Nc8 24. Be4 g6 25. Qd3 Qd7 26. h3 Nb6 27. Kh1 Nc4 28. Rab1
Rf7 29. Kg1 Bd8 30. Qc2 Bb6 31. Bxb6 Rxb6 32. Qf2 Rb8 33. Re1 g5 34. Qe2 h5 35.
Bd3 Nb6 36. Bxb5 Qb7 37. c4 Nxd5 38. cxd5 Qxb5 39. Qxb5 Rxb5 40. Re4 Rxd5 41.
Rxa4 Rb7 42. b4 Rd2 43. Ra6 Rc7 44. Rf1 Rcc2 45. Kh1 Rxg2 46. Rd1 Rh2+ 47. Kg1
Rhg2+ 48. Kh1 Rh2+ 49. Kg1 Rcg2+ 50. Kf1 Ra2 51. Kg1 Rxh3 52. Raxd6 Rg3+ 53. Kh1
Rh3+ 54. Kg1 Rg3+ 55. Kh1 Rxf3 56. Rg6+ Kf7 57. Rxg5 Rh3+ 58. Kg1 Rg3+ 59. Rxg3
fxg3 60. b5 h4 61. b6 h3 62. Rb1 Rg2+ 63. Kh1 Rh2+ 64. Kg1 Rg2+ 65. Kh1 Rh2+ 66.
Kg1 Rg2+ 1/2-1/2

[Event "Women's Speed Chess Q3"]
[Site "chess.com INT"]
[Date "2021.05.30"]
[Round "17"]
[White "Makhija, Aashna"]
[Black "Agrest, Inna"]
[Result "1-0"]
[WhiteTitle "WIM"]
[BlackTitle "WIM"]
[WhiteElo "1969"]
[BlackElo "2285"]
[WhiteFideId "25011944"]
[BlackFideId "1708830"]
[EventDate "2021.05.30"]

1. e4 e5 2. Nf3 Nc6 3. Bb5 a6 4. Ba4 Nf6 5. O-O b5 6. Bb3 Bc5 7. d3 d6 8. c3 Bb6
9. Be3 Rb8 10. Bxb6 Rxb6 11. Nbd2 O-O 12. d4 Bg4 13. h3 Bh5 14. Qc2 Rb8 15. Rad1
Qe7 16. d5 Na5 17. g4 Bg6 18. Nh4 Nd7 19. Nf5 Bxf5 20. gxf5 Qh4 21. Kh2 Nc5 22.
Rde1 g6 23. Re3 Kh8 24. Rg3 gxf5 25. exf5 Rg8 26. Rfg1 Rxg3 27. Rxg3 Rg8 28. Qd1
Rxg3 29. fxg3 Qh6 30. Bc2 Nd7 31. Qe2 Nf6 32. Ne4 Nxe4 33. Bxe4 Nb7 34. b4 Nd8
35. Qf2 f6 36. g4 Nf7 37. h4 Ng5 38. Bd3 e4 39. Be2 Nf3+ 40. Bxf3 exf3 41. Kg3
Qc1 42. Qxf3 Qg1+ 43. Qg2 Qe1+ 44. Qf2 Qxc3+ 45. Qf3 Qxb4 46. Qe3 Qc5 47. Qe8+
Kg7 48. Qe7+ Kg8 49. Qe8+ Kg7 50. Qe7+ Kg8 51. Qxf6 Qxd5 52. Qd8+ Kg7 53. Qxc7+
Kg8 54. Qd8+ Kg7 55. Qe7+ Kg8 56. f6 Qe5+ 57. Qxe5 dxe5 58. Kf3 a5 59. Ke4 b4
60. Kxe5 a4 61. Kd4 b3 62. axb3 a3 63. Kc3 a2 64. Kb2 Kf7 65. Kxa2 Kxf6 66. b4
h5 67. gxh5 1-0

[Event "Women's Speed Chess Q3"]
[Site "chess.com INT"]
[Date "2021.05.30"]
[Round "17"]
[White "Shuvalova, Polina"]
[Black "Purtseladze, Maka"]
[Result "0-1"]
[WhiteTitle "IM"]
[BlackTitle "IM"]
[WhiteElo "2484"]
[BlackElo "2274"]
[WhiteFideId "24171760"]
[BlackFideId "13602659"]
[EventDate "2021.05.30"]

1. e4 c6 2. d4 d5 3. exd5 cxd5 4. Bd3 Nf6 5. c3 Nc6 6. Bf4 g6 7. Qc2 Bg7 8. h3
Bd7 9. Nf3 Rc8 10. Qb3 Na5 11. Qd1 Nc4 12. Qe2 O-O 13. O-O Nd6 14. Nbd2 Bf5 15.
Bxd6 Bxd3 16. Qxd3 Qxd6 17. Rfe1 e6 18. Ne5 Nd7 19. f4 f6 20. Nxd7 Qxd7 21. Re3
Rce8 22. Rae1 Re7 23. Nf3 Rfe8 24. g3 a6 25. a3 b5 26. Kg2 Qc6 27. Qe2 Qc4 28.
Qd2 a5 29. b4 axb4 30. cxb4 Rc8 31. Rxe6 Rxe6 32. Rxe6 Qb3 33. Re3 Qa4 34. Rc3
Rc4 35. Ne1 f5 36. Rxc4 dxc4 37. Qc3 Qb3 38. Qd2 c3 39. Qd3 Qd5+ 40. Kf1 Bxd4
41. Nc2 Qh1+ 42. Ke2 Qg2+ 43. Kd1 Qg1+ 44. Ne1 Bf2 45. Qd5+ Kg7 46. Qe5+ Kh6 47.
Qe2 c2+ 48. Kxc2 Qxe1 49. Qd3 Bxg3 50. Qxb5 Qf2+ 51. Kb3 Qxf4 52. a4 Qf3+ 53.
Ka2 Qf2+ 54. Kb3 Bf4 55. Qc4 Qe3+ 56. Ka2 Qd2+ 57. Kb3 Qe3+ 58. Ka2 Be5 59. Qc2
f4 60. a5 f3 61. a6 f2 62. a7 Qxa7+ 63. Kb3 f1=Q 64. Qd2+ Bf4 65. Qd5 Qe3+ 66.
Ka4 Qa1+ 67. Kb5 Qe2+ 68. Kc6 Qa8+ 69. Kd7 Qxd5+ 0-1

[Event "Women's Speed Chess Q3"]
[Site "chess.com INT"]
[Date "2021.05.30"]
[Round "17"]
[White "Putri, Regita Desyari"]
[Black "Obregon Garcia, Roxangel"]
[Result "0-1"]
[WhiteTitle "WFM"]
[BlackTitle "WIM"]
[WhiteElo "1897"]
[BlackElo "2167"]
[WhiteFideId "7109083"]
[BlackFideId "3520420"]
[EventDate "2021.05.30"]

1. d4 d5 2. c4 c6 3. Nf3 Nf6 4. Nc3 e6 5. Bg5 Nbd7 6. e3 Be7 7. Bd3 O-O 8. O-O
dxc4 9. Bxc4 h6 10. Bh4 c5 11. Rc1 Nb6 12. Bd3 cxd4 13. exd4 Nbd5 14. Bg3 b6 15.
Nb5 Bb7 16. Nc7 Rc8 17. Nxd5 Qxd5 18. a3 Bd6 19. Qe2 Bxg3 20. hxg3 Rfd8 21. Rfd1
Qh5 22. Rxc8 Rxc8 23. Nh4 Qxe2 24. Bxe2 Rc2 25. Bf1 Rxb2 26. Ra1 Bd5 27. a4 Ne4
28. a5 b5 29. Bxb5 Rxb5 30. Nf3 Nc3 31. a6 Rb2 32. Ne5 Ne4 33. Rf1 Bc4 34. Nxc4
Rc2 35. Ne3 Ra2 36. Ng4 Rxa6 37. Rb1 Ra4 38. Ne5 f6 39. Rb8+ Kh7 40. Nc6 a6 41.
Ra8 Nc3 42. f3 Ne2+ 43. Kh2 Nxd4 44. Re8 Nxc6 45. Rxe6 Ne5 46. f4 Nc4 47. Kh3 a5
48. g4 Ra2 49. g3 a4 50. g5 hxg5 51. fxg5 fxg5 52. Kg4 a3 53. Kxg5 Ra1 54. Kg4
a2 55. Ra6 Ne3+ 56. Kf3 Nd5 57. Kg2 Nb4 58. Ra8 Rb1 59. Ra4 a1=Q 60. Rxa1 Rxa1
61. Kh3 Kg6 62. Kh4 Kf5 63. Kh5 g6+ 64. Kh6 Rh1+ 65. Kg7 g5 66. g4+ Kxg4 0-1

[Event "Women's Speed Chess Q3"]
[Site "chess.com INT"]
[Date "2021.05.30"]
[Round "17"]
[White "Buksa, Nataliya"]
[Black "Vo, Thi Kim Phung"]
[Result "1-0"]
[WhiteTitle "IM"]
[BlackTitle "WGM"]
[WhiteElo "2414"]
[BlackElo "2335"]
[WhiteFideId "14123622"]
[BlackFideId "12401838"]
[EventDate "2021.05.30"]

1. d4 Nf6 2. Nc3 e6 3. Bf4 a6 4. e4 d5 5. exd5 exd5 6. Bd3 Bd6 7. Qe2+ Be6 8.
Bg5 Be7 9. Nf3 O-O 10. O-O Nc6 11. h3 Nb4 12. Rfe1 Nxd3 13. Qxd3 Re8 14. Ne2 h6
15. Bxf6 Bxf6 16. Ng3 c6 17. c3 a5 18. Re2 Be7 19. Rae1 Bf8 20. Nh5 a4 21. Nf4
Bd7 22. Ne5 Re7 23. Qg3 Be6 24. Nh5 Re8 25. Ng4 Kh8 26. Nf4 Bd7 27. Ne5 Be6 28.
Neg6+ fxg6 29. Nxg6+ Kh7 30. Nxf8+ Rxf8 31. Rxe6 Rf7 32. Qd3+ Kg8 33. Qg6 Qf8
34. R1e2 a3 35. b3 Rd8 36. Qg4 Rf6 37. Rxf6 Qxf6 38. Qe6+ Qxe6 39. Rxe6 Kf7 40.
Re5 Ra8 41. f3 Rb8 42. Kf2 Ra8 43. Ke2 Rb8 44. Kd3 Ra8 45. c4 dxc4+ 46. Kxc4 b5+
47. Kc5 Rd8 48. Re4 Rc8 49. b4 Kf6 50. Re3 Kf5 51. Rxa3 Kf4 52. g4 g5 53. Rd3
Kg3 54. d5 cxd5+ 55. Kxb5 Rd8 56. a4 d4 57. a5 Kf2 58. a6 Ke2 59. Ra3 d3 60. a7
d2 61. Ra1 Ra8 62. Ka6 d1=Q 63. Rxd1 Kxd1 64. b5 h5 65. b6 hxg4 66. fxg4 Ke2 67.
b7 Rf8 68. b8=Q Rf6+ 69. Qb6 Rf3 70. a8=Q Rxh3 71. Qe8+ Kf1 72. Qf6+ Kg2 73.
Qe2+ Kg3 74. Qff2# 1-0